Joueurs ayant pris le plus de cartons rouges - Statistiques

Statistiques générales
  • Ce quiz a été pris 193 fois
  • Le résultat moyen est 5 sur 20
Statistiques - réponses
Pays Nombre de cartons Joueur % Correct
Espagne 22 Sergio Ramos
93%
Portugal 13 Pepe
77%
Suède 14 Zlatan Ibrahimovic
47%
France 14 Zinédine Zidane
42%
Portugal 11 Cristiano Ronaldo
35%
Irlande 11 Roy Keane
29%
France 17 Patrick Vieira
25%
Italie 15 Marco Materazzi
22%
France 18 Yannick Cahuzac
19%
Italie 16 Fabio Cannavaro
17%
France 27 Cyril Rool
13%
Pays-bas 12 Mark Van Bommel
10%
Chili 15 Gary Medel
8%
Pays-Bas 12 Edgar Davids
5%
Italie 15 Francesco Totti
4%
Colombie 46 Gerardo Bedoya
4%
Uruguay 21 Paolo Montero
2%
Espagne 22 Alexis Ruano Delgado
1%
Espagne 18 Pablo Alfaro
1%
Espagne 18 Xavi Aguado
1%
Aucun quiz correspondant
Distribution des résultats
% des personnes avec chaque résultat
Percentile par nombre de réponses
Votre historique - résultats
Vous n’avez pas pris ce quiz